|
|
|
|
| LEADER |
00709cam a2200241ua 4500 |
| 008 |
060815t2003||||||||||| 001 ||eng c |
| 020 |
|
|
|a 81-203-1619-3
|
| 041 |
0 |
|
|a eng
|
| 082 |
|
|
|a 004.35
|b SAS/I
|
| 100 |
|
|
|a Sasikumar,, M.
|
| 245 |
1 |
0 |
|a Introduction to parallel processing /
|
| 250 |
|
|
|a 1
|
| 260 |
|
|
|a New Delhi:
|b Prentice Hall,
|c 2003.
|
| 300 |
|
|
|a viii, 266p..
|
| 362 |
1 |
|
|a 2003.
|
| 365 |
|
|
|a Rs.150/-
|e PB
|
| 500 |
|
|
|a Includes bibliographies and index.
|
| 504 |
|
|
|a .
|
| 650 |
0 |
|
|a Computer science
|
| 700 |
0 |
2 |
|a Shikhare,, Dinesh
|
| 942 |
|
|
|c BK
|
| 999 |
|
|
|c 6564
|d 6564
|
| 952 |
|
|
|0 0
|1 0
|4 0
|6 004_350000000000000_SAS
|7 0
|9 6897
|a KUCL
|b KUCL
|d 2014-05-23
|l 0
|o 004.35 SAS/
|p 11751
|r 2014-05-23
|w 2014-05-23
|y BK
|